00649nam a2200169 a 450000500170000000800410001702000180005805000280007605000280010424500420013226000510017430000170022544000380024250001660028065000120044665000210045820140412111313.0001121s19uu xx 00 eng d a0-395-48010-8 aTR(GS 808.83bB147 1986 aTR{GS 808.83bB147 1986 aBeginning to read B :bSay it again!. aBoston, MA :bHoughton Mifflin Company,c1989. a96 p. ; ill. aHoughton Mifflin Literary Readers aContents: Reading--Cat goes fiddle-i-fee--A Good home--Good morning, chick--A Kite--Boo Bear and the Kite--Over in the meadow--The Little Turtle--Fox gets lunch. aReading aChildren stories